Be my valentine, Peter Rabbit (Record no. 322437)
[ view plain ]
| 000 -LEADER | |
|---|---|
| fixed length control field | 00429nam a22001335 4500 |
| 005 - DATE AND TIME OF LATEST TRANSACTION | |
| control field | 20200320222331.0 |
| 020 ## - INTERNATIONAL STANDARD BOOK NUMBER | |
| International Standard Book Number | 9780723248644 |
| 100 1# - MAIN ENTRY--PERSONAL NAME | |
| Personal name | Potter, Beatrix, |
| Dates associated with a name | 1866-1943. |
| 9 (RLIN) | 6013789 |
| 245 10 - TITLE STATEMENT | |
| Title | Be my valentine, Peter Rabbit |
| 260 ## - PUBLICATION, DISTRIBUTION, ETC. (IMPRINT) | |
| Name of publisher, distributor, etc | Frederick Warne |
| Date of publication, distribution, etc | 2002 |
| 942 ## - ADDED ENTRY ELEMENTS (KOHA) | |
| Koha item type | BOOK |
| 948 ## - LOCAL PROCESSING INFORMATION (OCLC); SERIES PART DESIGNATOR (RLIN) | |
| Series part designator, SPT (RLIN) | 11/05/2019 |
| z (OCLC) | Sirsi |
| 996 ## - | |
| -- | 171702 |
| -- | 34301001658907 |
| -- | EBB |
| -- | bbk |
| -- | wcl |
| -- | o |
| -- | 3 |
| -- | 5.99 |
| -- | Donation |
| -- | Pot |
| -- | 11/25/2019 |
| -- | 03/03/2020 |
| -- | 03/10/2020 |
| Withdrawn status | Lost status | Source of classification or shelving scheme | Damaged status | Not for loan | Collection code | Home library | Current library | Shelving location | Date acquired | Source of acquisition | Cost, normal purchase price | Total Checkouts | Total Renewals | Full call number | Barcode | Date last seen | Date checked out | Cost, replacement price | Price effective from | Koha item type | Checked out |
|---|---|---|---|---|---|---|---|---|---|---|---|---|---|---|---|---|---|---|---|---|---|
| Dewey Decimal Classification | Children Holiday Board Books | Wasatch County Library | Wasatch County Library | Main Floor Childrens Area | 11/25/2019 | Donation | 5.99 | 22 | 12 | BB Valentine's Day Potter | 34301001658907 | 02/23/2026 | 01/05/2026 | 5.99 | 03/20/2020 | BOOK | |||||
| Dewey Decimal Classification | Children Holiday Board Books | Wasatch County Library | Wasatch County Library | Main Floor Childrens Area | 05/01/2023 | Donation | 8 | 6 | BB Valentine's Day Potter | 34301002015115 | 03/06/2026 | 03/06/2026 | 5.99 | 05/01/2023 | BOOK | 05/02/2026 |
